3-Letter Scrabble Words that start with "U" or "V" - Statistics

General Stats
  • This quiz has been taken 387 times
  • The average score is 21 of 40
Answer Stats
Answer % Correct
van
92%
vat
87%
vet
86%
use
79%
vie
79%
vim
76%
vas
75%
var
73%
vee
71%
vex
71%
vid
69%
via
68%
veg
67%
vow
66%
vig
63%
vis
61%
ups
60%
urn
60%
ute
60%
vac
60%
vaw
60%
vox
60%
vau
54%
vav
54%
voe
53%
ugh
42%
uke
38%
ump
38%
umm
37%
uns
35%
vug
34%
vum
32%
urb
25%
urd
23%
uts
22%
urp
20%
uta
20%
ulu
18%
upo
16%
udo
15%
No matching quizzes found
Score Distribution
Percent of People with Each Score
Percentile by Number Answered
Your Score History
You have not taken this quiz